Deshojando páginas de la memoria

Shranjeno v:
Bibliografske podrobnosti
Glavni avtor: Gericke Suárez, Carlos (Author)
Format: Knjiga
Jezik:španščina
Izdano: Santa Cruz de la Sierra Santa Cruz de El Deber 1993
Teme:
Oznake: Označite
Brez oznak, prvi označite!

MARC

LEADER 00000nam a2200000 a 4500
001 UCH4818
003 CL-VaPUC
008 090903e19930000BO |||||||||||||||||spa|d
082 0 4 |a 377  |b GER  |2 21 
100 0 |a Gericke Suárez, Carlos  |e author  |9 540763 
245 1 0 |a Deshojando páginas de la memoria 
300 |a 87 p 
942 |c BK 
945 |d 20090903 00:00:00  |a dcastane 
260 |a Santa Cruz de la Sierra  |b Santa Cruz de El Deber  |c 1993 
650 0 |a Vida espiritual  |9 307811 
650 7 |a TESTIMONIO CRISTIANO  |2 CL-VaPUC  |9 540764 
583 |a last modification  |c 20090903 00:00:00  |k Rodrigo Vera 
999 |c 336076  |d 336074 
952 |0 0  |1 0  |4 0  |6 377_000000000000000_GER_1993  |7 0  |8 X  |9 426971  |a FDOBUD  |b FDOBUD  |d 2019-11-22  |i 4596552  |o 377 GER 1993  |p 4596552  |r 2019-11-22  |w 2019-11-22  |y BK_X  |k BUD